Tổ chức công sở và nhân sự hành chính : Sách hướng dẫn học tập

Nội dung sách giới thiệu công sở và hoạt động chủ yếu của công sở, kỹ thuật điều hành công sở. Kỹ năng lãnh đạo và quản lý trong các công sở hành chính. Những vấn đề cơ bản về quản lý nguồn nhân lực và nhân sự hành chính....

Täydet tiedot

Tallennettuna:
Bibliografiset tiedot
Päätekijä: Võ, Duy Nam
Aineistotyyppi: Kirja
Kieli:Undetermined
Julkaistu: Cần Thơ Nxb. Đại học Cần Thơ 2015
Aiheet:
Tagit: Lisää tagi
Ei tageja, Lisää ensimmäinen tagi!
Thư viện lưu trữ: Trung tâm Học liệu Trường Đại học Cần Thơ
LEADER 00998nam a2200205Ia 4500
001 CTU_229344
008 210402s9999 xx 000 0 und d
082 |a 651.3 
082 |b N103 
100 |a Võ, Duy Nam 
245 0 |a Tổ chức công sở và nhân sự hành chính : 
245 0 |b Sách hướng dẫn học tập 
245 0 |c Võ Duy Nam (Biên soạn) 
260 |a Cần Thơ 
260 |b Nxb. Đại học Cần Thơ 
260 |c 2015 
520 |a Nội dung sách giới thiệu công sở và hoạt động chủ yếu của công sở, kỹ thuật điều hành công sở. Kỹ năng lãnh đạo và quản lý trong các công sở hành chính. Những vấn đề cơ bản về quản lý nguồn nhân lực và nhân sự hành chính. 
650 |a Office management,Quản trị văn phòng 
910 |b nthai 
980 |a Trung tâm Học liệu Trường Đại học Cần Thơ